අධ්යාපන ක්ෂේත්රයෙහි ලා ආචාර්ය සී. ඩබ්ලිව්. ඩබ්ලිව්. කන්නන්ගර මැතිතුමා ජාතියට සැලසූ සේවාවේ සුවිශේෂ ලක්ෂණ (Record no. 4506)
[ view plain ]
| 000 -LEADER | |
|---|---|
| fixed length control field | 01252nam a2200229 4500 |
| 003 - CONTROL NUMBER IDENTIFIER | |
| control field | LK-CoMWRAF |
| 005 - DATE AND TIME OF LATEST TRANSACTION | |
| control field | 20231217203921.0 |
| 008 - FIXED-LENGTH DATA ELEMENTS--GENERAL INFORMATION | |
| fixed length control field | 231217b |||||||| |||| 00| 0 eng d |
| 040 ## - CATALOGING SOURCE | |
| Original cataloging agency | LK-CoMWRAF |
| Modifying agency | LK-CoMWRAF |
| Description conventions | LK-CoMWRAF |
| 041 ## - LANGUAGE CODE | |
| Language code of text/sound track or separate title | Sinhala; Sinhalese |
| 082 ## - DEWEY DECIMAL CLASSIFICATION NUMBER | |
| Classification number | 370 |
| Item number | KUL |
| 942 ## - ADDED ENTRY ELEMENTS (KOHA) | |
| Koha item type | Books |
| 100 ## - MAIN ENTRY--PERSONAL NAME | |
| Personal name | කුලරත්න, එන්. ජී. |
| 110 ## - MAIN ENTRY--CORPORATE NAME | |
| Corporate name or jurisdiction name as entry element | කරුණාරත්න, ජී. ආර්. එම්. |
| 111 ## - MAIN ENTRY--MEETING NAME | |
| Meeting name or jurisdiction name as entry element | |
| 700 ## - ADDED ENTRY--PERSONAL NAME | |
| Personal name | ආරියදාස, එච්. |
| Relator Term | translator |
| 700 ## - ADDED ENTRY--PERSONAL NAME | |
| Personal name | ලීලාරත්න, එස්. |
| Relator Term | editor |
| 245 ## - TITLE STATEMENT | |
| Title | අධ්යාපන ක්ෂේත්රයෙහි ලා ආචාර්ය සී. ඩබ්ලිව්. ඩබ්ලිව්. කන්නන්ගර මැතිතුමා ජාතියට සැලසූ සේවාවේ සුවිශේෂ ලක්ෂණ |
| 246 ## - VARYING FORM OF TITLE | |
| Title proper/short title | Adhyapana kṣetraye la acarya si. ḍabliw. ḍabliw. kannangara mætitumaṭa sæḷasum savave suviseṣi lakṣaṇa |
| 260 ## - PUBLICATION, DISTRIBUTION, ETC. (IMPRINT) | |
| Place of publication, distribution, etc. | මහරගම : |
| Name of publisher, distributor, etc. | පර්යේෂණ සහ සංවර්ධන දෙපාර්තමේන්තුව, |
| Date of publication, distribution, etc. | 2006 |
| 650 ## - SUBJECT ADDED ENTRY--TOPICAL TERM | |
| Topical term or geographic name as entry element | අධ්යාපනය--සී. ඩබ්ලිව්. ඩබ්ලිව්. කන්නන්ගර |
| Withdrawn status | Lost status | Damaged status | Not for loan | Permanent Location | Current Location | Date acquired | Full call number | Barcode | Koha item type |
|---|---|---|---|---|---|---|---|---|---|
| Resource center, Muslim Women's Research And Action Forum | Resource center, Muslim Women's Research And Action Forum | 2023-12-17 | 370 KUL | RAF4894 | Books |

